000 00841nam a2200241 u 4500
001 000003107
003 DO-SdBNP
005 20230323093052.0
007 ta
008 090706s2000 dr r 000 0 spa d
040 _aDO-SdBNP
_bspa
_cBNPHU
082 4 _a344.7293046
_bR426L
_222
110 2 _aRepública Dominicana
_9447
240 1 0 _a[Leyes, etc.]
245 1 0 _aLey general de medio ambiente y recursos naturales nº 64-00 promulgada el 18 de agosto del 2000.
260 _a[Santo Domingo] :
_bs.n.,
_c2000].
300 _a93 p. ;
_c21 cm.
590 _aInventariado, 2023/BT
650 4 _aDerecho ambiental
_zRepública Dominicana
_99697
650 4 _aConservación de los recursos naturales
_xLegislación
_zRepública Dominicana
_99785
650 4 _aControl ambiental
_xLegislación
_zRepública Dominicana
_99699
942 _2ddc
_cLBS1
999 _c2938
_d2938